000 00463nam a22001697a 4500
005 20260406170527.0
008 260406b2025 ec |||| |||| 00| 0 spa d
020 _a978-9942-51-322-9
040 _aEc-QuCCB
082 _aEc861
_bJ614
100 _aJimbo, Walter,
_d1973-
_93835
245 _aEvidencias del destierro (Poesía)
_cWalter Jimbo
260 _aQuito, Ecuador :
_bDel Volcán,
_c2025
300 _a69 páginas ;
_c21 cm
590 _apgc
942 _cBK
999 _c83806
_d83806